[Event "ROM-ch U14 Girls"]
[Site "Mamaia"]
[Date "2021.04.07"]
[Round "1"]
[White "Salajan, Stefania"]
[Black "Ivascu, Andreea Catalina"]
[Result "1-0"]
[WhiteElo "1612"]
[BlackElo "1334"]
[PlyCount "167"]
[EventDate "2021.04.07"]
[EventType "swiss"]
[EventRounds "9"]
[EventCountry "ROU"]
[SourceTitle "EXT 2022"]
[Source "ChessBase"]
[SourceDate "2021.10.06"]
[SourceVersion "1"]
[SourceVersionDate "2021.10.06"]
[SourceQuality "1"]

1. f4 Nf6 2. Nf3 g6 3. g3 Bg7 4. Bg2 0-0 5. 0-0 d6 6. d3 Nbd7 7. e4 e5 8. Nc3 c6 9. Kh1 Re8 10. Bd2 Nf8 11. Qe1 Bd7 12. fxe5 dxe5 13. h3 Nh5 14. g4 Nf4 15. Qf2 Nxg2 16. Kxg2 Ne6 17. Ng5 f6 18. Nxe6 Bxe6 19. Qh4 g5 20. Qf2 Qd7 21. Nd1 Qf7 22. Ne3 Red8 23. Nf5 Bxf5 24. Qxf5 Qe7 25. Rf2 Rf8 26. Raf1 Rad8 27. a3 b6 28. Be3 c5 29. Bd2 Rc8 30. Rh1 Rcd8 31. Kg3 h6 32. h4 Qd7 33. Qxd7 Rxd7 34. h5 Rdf7 35. Rhf1 a6 36. Be3 Bh8 37. Rd2 Bg7 38. b4 Rc7 39. bxc5 bxc5 40. Rc1 Rb8 41. Rf2 Rcb7 42. Bd2 Rc8 43. Bc3 Re8 44. Rd1 Rd8 45. Rff1 Rdb8 46. Rc1 Rb6 47. Kf3 Kh8 48. Ke2 Kg8 49. Kd2 Kh8 50. a4 Kg8 51. Ra1 Kh8 52. Ba5 R6b7 53. Kc3 Kg8 54. Kc4 Rb2 55. Rfc1 Bf8 56. Bc3 R2b7 57. Rf1 Kg7 58. Kd5 Rd7+ 59. Kc4 Rdb7 60. Ra3 Rb6 61. Rb3 Be7 62. Rfb1 Rxb3 63. Rxb3 Rxb3 64. cxb3 Kf7 65. Kd5 Ke8 66. Ke6 Kd8 67. Ba5+ Ke8 68. Bb6 Kf8 69. Kd5 Ke8 70. Bxc5 Bd8 71. Ke6 a5 72. Bd6 Be7 73. Bxe7 f5 74. Kxf5 Kxe7 75. Kxe5 Kd7 76. d4 Kc6 77. d5+ Kc5 78. d6 Kb4 79. d7 Kxb3 80. d8Q Kxa4 81. Qb8 Ka3 82. Kd4 Ka4 83. Kc3 Ka3 84. Qb3# 1-0

[Event "ROM-ch U10 Girls"]
[Site "Calimanesti"]
[Date "2018.04.01"]
[Round "7"]
[White "Militaru, Andreea Elena"]
[Black "Ivascu, Andreea Catalina"]
[Result "0-1"]
[WhiteElo "1069"]
[BlackElo "1054"]
[PlyCount "78"]
[EventDate "2018.03.27"]
[EventType "swiss"]
[EventRounds "9"]
[EventCountry "ROU"]
[SourceTitle "CBM 183 Extra"]
[Source "ChessBase"]
[SourceDate "2018.04.19"]
[SourceVersion "1"]
[SourceVersionDate "2018.04.19"]
[SourceQuality "1"]

1. d4 Nf6 2. Bf4 g6 3. Nf3 Bg7 4. e3 d6 5. h3 0-0 6. Be2 Nfd7 7. 0-0 h6 8. c3 e5 9. Bh2 e4 10. Ne1 d5 11. c4 c6 12. Nc3 Nf6 13. Nc2 Be6 14. b3 a5 15. Rb1 Na6 16. f3 Nb4 17. Na4 Nxa2 18. Rb2 Nb4 19. Nxb4 axb4 20. Qd2 dxc4 21. Qxb4 b5 22. Nc5 Qe7 23. bxc4 bxc4 24. Bxc4 exf3 25. Rxf3 Nd5 26. Bxd5 Bxd5 27. Rg3 Rfb8 28. Qd2 Ra1+ 29. Kf2 Rxb2 30. Qxb2 Ra2 31. Qxa2 Bxa2 32. Nd3 Qa3 33. Ne1 Qb2+ 34. Kf1 Bc4+ 35. Kg1 Qe2 36. Kh1 Qxe1+ 37. Bg1 Qxg3 38. Bh2 Qxe3 39. g3 Bd5# 0-1